| 000 | 00716nam a2200133Ia 4500 | ||
|---|---|---|---|
| 008 | 220620s9999||||xx |||||||||||||| ||und|| | ||
| 020 | _a9782890000000 | ||
| 245 | 0 | _aBuilding and Delivering Sustainability Solutions: Insights, Methods, and Case-Studies | |
| 546 | _aEnglish[eng] | ||
| 650 | _aAgriculture||climate||Suitability||Disease||ecosystem||landscape||machine-learning||Remote-sensing||sustainability||Water | ||
| 700 | _aNewlands, Nathaniel K.||Porcelli, Tracy A.||Potgieter, Andries B.||Kouadio, Louis||Huete, Alfredo||Guo, Wei | ||
| 856 | _uhttps://www.frontiersin.org/research-topics/4785/building-and-delivering-real-world-integrated-sustainability-solutions-insights-methods-and-case-stu | ||
| 942 | _cEB | ||
| 999 |
_c26440 _d26440 |
||